Datum a čas kvízu
26
Celkem bodů
Celkový počet nahraných bodů na tomto kvízu bez doplňovacích otázek.
7.
Pořadí na kvízu
Konečné umístění týmu na tomto kvízu.
Zaznamenané odpovědi
| # | Otázka | Odpověď | Body | Výsledky |
|---|---|---|---|---|
| 1. | Pražský magistrát již v létě p... | My, Praha | 0 | |
| 2. | Slovenská prezidentka Zuzana Č... | Milada Horáková | 0 | |
| 3. | Oblíbená hollywoodská hvězda o... | Cameron Diaz | 0 | |
| 4. | Bývalý šéf jisté japonské auto... | Nissan | 0 | |
| 5. | Minulý týden se ve Švýcarsku k... | Spenglerův pohár, Davos | 1 | |
| 6. | 1. ledna došlo k růstu minimál... | 14 600 Kč (uznáváme 14 100–15 100) | 0 | |
| 7. | V jednom z francouzských zámoř... | Nová Kaledonie | 1 | |
| 8. | 25. ledna začíná čínský rok __... | kovové | 0 | |
| 9. | Nejbezpečnějšími aerolinkami p... | Qantas | 1 | |
| 10. | Mezi 12. červnem a 12. červenc... | Anglie, Chorvatsko | 1 |